Представление документа в формате MARC21

Поле Инд. ПП Название Значение
Тип записи a
Библиографический уровень b
001 Контрольный номер RU/IS/BASE/288979242
005 Дата корректировки 20220715140353.4
008 Кодируемые данные 20090226
040 b Код языка каталог. rus
e Правила каталог. PSBO
041 0_ a Код языка текста rus
084 a Индекс другой классификации/Индекс ББК 60.823.3; 60.55-3; 65.291.21
100 1_ a Автор Барков С. А.
q Полное имя Барков Сергей Александрович
100 1_ a Автор Люботурова Т. А.
q Полное имя Люботурова Тамара Александровна
245 10 a Заглавие Воспитание корпоративного патриотизма как задача современного менеджмента
504 a Библиография Библиогр. ссылки. - Примеч.
650 14 a Основная рубрика менеджмент (управление предприятием)
a Основная рубрика персонал предприятия
a Основная рубрика социальное управление
a Основная рубрика социология
a Основная рубрика социология организаций
a Основная рубрика управление персоналом (кадровый менеджмент)
a Основная рубрика управленческая деятельность
a Основная рубрика экономика
a Основная рубрика экономика предприятия
653 a Ключевые слова внутренний имидж компании
a Ключевые слова имидж организации
a Ключевые слова корпоративная культура
a Ключевые слова корпоративный имидж
a Ключевые слова корпоративный патриотизм
a Ключевые слова нематериальные активы
a Ключевые слова организационная культура
773 08 t Заглавие источника Вестник Московского университета. Серия 18, Социология и политология
d Дата издания источника 2008
g Прочая информация № 2. - С. 119 - 132
w Контрольный № источника RU/IS/BASE/286474427
901 t Тип документа b